000 006780000a22002050004500
005 20081031112548.0
008 081031t xxu||||| |||| 00| 0 eng d
010 _aENG-84356
020 _a8178801671
020 _c500.00 (hb)
035 _aEN-67889
082 _a370.3 / PAN
100 _aPandey, Mridula
245 _aDictionary of education
_cby Mridula Pandey
260 _aNew Delhi
_bRajat Publications
260 _c2005
300 _a219p
_c22cm
942 _2ddc
_cEN
_h370.3
_mPAN
999 _c17690
_d17690